It looks like you're offline.
Open Library logo
additional options menu

MARC record from Internet Archive

LEADER: 00708cam 22002410a 4500
001 0116300238759
008 880505s1986 enk 1 eng d
010 $a 86003935
020 $a0863581064 (pbk.) :$c£6.96
035 $a(Sirsi) AAC-0397
035 $a11820522.C..
035 0 $aA872600$fcc
040 $aOPET$beng
046 $aDLC$cDLC
050 00 $aPR4644$b.P37 1986
082 0 $a823/.7$z19
090 0 $aPR 4644 .P3 E33 1986$bb
100 1 $aEdgeworth, Maria,$d1767-1849.
245 10 $aPatronage /$cMaria Edgeworth ; introduced by Eva Figes. --
260 $aLondon ;$aNew York :$bPandora,$c1986.
300 $axi, 631 p. ;$c20 cm. --
490 1 $aMothers of the novel
830 0 $aMothers of the novel.